[Event "Ruhrgebiet playoff 0304"]
[Site "Ruhrgebiet"]
[Date "2004.05.23"]
[Round "2.2"]
[White "Hoffterheide, Thomas"]
[Black "Schramm, Alexander"]
[Result "1-0"]
[WhiteElo "1953"]
[BlackElo "2008"]
[PlyCount "135"]
[EventDate "2004.05.16"]
[EventType "team"]
[EventRounds "3"]
[EventCountry "GER"]
[SourceTitle "EXT 2006"]
[Source "ChessBase"]
[SourceDate "2005.11.24"]
[SourceVersion "1"]
[SourceVersionDate "2005.11.24"]
[SourceQuality "1"]
[WhiteTeam "Kirchhellen SF"]
[BlackTeam "Holsterhausen II"]
[WhiteTeamCountry "GER"]
[BlackTeamCountry "GER"]

1. e4 d5 2. exd5 Nf6 3. d4 Nxd5 4. Nc3 Nxc3 5. bxc3 g6 6. Nf3 Bg7 7. Be3 c5 8. Bb5+ Bd7 9. Qd3 Qc7 10. 0-0 0-0 11. Rab1 Bc6 12. d5 Bxb5 13. Qxb5 b6 14. Qc4 Nd7 15. Bf4 Ne5 16. Qe4 Nxf3+ 17. Qxf3 Qd7 18. Rfe1 Rfe8 19. c4 Qf5 20. Qe4 Qxe4 21. Rxe4 Rad8 22. Rbe1 Bf6 23. g4 Rd7 24. a4 Bc3 25. R1e2 Bg7 26. Kg2 h6 27. Bd2 e5 28. f4 f5 29. gxf5 gxf5 30. Rxe5 Bxe5 31. fxe5 Rg7+ 32. Kf3 Rg4 33. Bf4 Kf7 34. h3 Rg1 35. e6+ Kf6 36. Be5+ Kg6 37. Bh2 Rf1+ 38. Kg2 Rd1 39. Be5 f4 40. Bxf4 Kf5 41. Bc7 Kf6 42. Rf2+ Kg6 43. Re2 Kf6 44. Bf4 Rg8+ 45. Kf2 Rgg1 46. Kf3 Rdf1+ 47. Ke4 h5 48. Re3 h4 49. Be5+ Ke7 50. Kd3 Rg2 51. Bc7 Rd1+ 52. Kc3 Rdd2 53. d6+ Ke8 54. d7+ Ke7 55. Bd8+ Kd6 56. Bxh4 Rxc2+ 57. Kd3 Rgd2+ 58. Ke4 Kxe6 59. d8Q Rxd8 60. Bxd8 Rxc4+ 61. Kd3+ Kd5 62. Re5+ Kxe5 63. Kxc4 Kf5 64. Kd5 Kg6 65. Bh4 Kf5 66. Be1 Kg5 67. Kc6 c4 68. Kb7 1-0

[Event "Ruhrgebiet VK3 0001"]
[Site "Ruhrgebiet"]
[Date "2001.03.18"]
[Round "7"]
[White "Hoffterheide, Thomas"]
[Black "Straenger, Horst"]
[Result "0-1"]
[WhiteElo "2004"]
[BlackElo "2051"]
[PlyCount "80"]
[EventDate "2000.09.17"]
[EventType "team-tourn"]
[EventRounds "9"]
[EventCountry "GER"]
[SourceTitle "EXT 2023"]
[Source "ChessBase"]
[SourceDate "2022.10.05"]
[SourceVersion "1"]
[SourceVersionDate "2022.10.05"]
[SourceQuality "1"]
[WhiteTeam "Kirchhellen SF"]
[BlackTeam "Muelheim Heissen"]
[WhiteTeamCountry "GER"]
[BlackTeamCountry "GER"]

1. e4 g6 2. d4 Bg7 3. Be2 d6 4. h4 c5 5. d5 h5 6. Nd2 Nf6 7. Nh3 a6 8. Ng5 Nbd7 9. c3 Ne5 10. Nc4 Nxc4 11. Bxc4 b5 12. Bd3 0-0 13. f3 Rb8 14. Qe2 c4 15. Bc2 a5 16. a3 Qc7 17. Be3 Bd7 18. 0-0 b4 19. axb4 axb4 20. cxb4 Rxb4 21. Bd4 Nh7 22. Bxg7 Kxg7 23. Qd2 Qb6+ 24. Kh1 Rxb2 25. Rfb1 Rxb1+ 26. Rxb1 Qa7 27. Qc3+ Nf6 28. Rb4 Qf2 29. Nh3 Bxh3 30. gxh3 Qxh4 31. Kg2 Qg5+ 32. Kf2 h4 33. Rb7 Kg8 34. Qxc4 Nh5 35. Rb1 Qg3+ 36. Ke3 Qxh3 37. Ba4 Qg3 38. Qe2 Ra8 39. Rb4 h3 40. Qb2 h2 0-1

[Event "Ruhrgebiet VK3 0001"]
[Site "Ruhrgebiet"]
[Date "2001.02.11"]
[Round "6"]
[White "Pukropski, Aribert"]
[Black "Hoffterheide, Thomas"]
[Result "1-0"]
[WhiteElo "1893"]
[BlackElo "2004"]
[PlyCount "85"]
[EventDate "2000.09.17"]
[EventType "team-tourn"]
[EventRounds "9"]
[EventCountry "GER"]
[SourceTitle "EXT 2023"]
[Source "ChessBase"]
[SourceDate "2022.10.05"]
[SourceVersion "1"]
[SourceVersionDate "2022.10.05"]
[SourceQuality "1"]
[WhiteTeam "Drewer SG"]
[BlackTeam "Kirchhellen SF"]
[WhiteTeamCountry "GER"]
[BlackTeamCountry "GER"]

1. Nf3 Nf6 2. g3 d6 3. d4 g6 4. Bg2 Bg7 5. 0-0 0-0 6. c4 Nbd7 7. Nc3 c5 8. e3 a6 9. Qe2 Rb8 10. Re1 b5 11. cxb5 axb5 12. Nxb5 Ba6 13. a4 Qb6 14. Bh3 e6 15. Bf1 Ne4 16. Qc2 d5 17. Be2 Rfc8 18. Qd1 Qa5 19. Bd2 Nxd2 20. Nxd2 c4 21. b3 c3 22. b4 Qxb4 23. Nxc3 Bxe2 24. Nxe2 Qa5 25. Nf4 Rc3 26. Nf3 Bf8 27. Qd2 Bb4 28. Nd3 Rxd3 29. Qxd3 Bxe1 30. Nxe1 Nf6 31. Qc2 Ne4 32. Nd3 Kg7 33. Ne5 Rb6 34. Rc1 Rb7 35. Kh1 h5 36. Kg1 Kf6 37. Qc8 Qd2 38. Rf1 Qb4 39. Qh8+ Kf5 40. Nxf7 Nf6 41. e4+ dxe4 42. Nh6+ Kg5 43. h4# 1-0

[Event "Ruhrgebiet VK3 0001"]
[Site "Ruhrgebiet"]
[Date "2001.01.28"]
[Round "5"]
[White "Hoffterheide, Thomas"]
[Black "Schulte, Eduard"]
[Result "1/2-1/2"]
[WhiteElo "2004"]
[BlackElo "1876"]
[PlyCount "92"]
[EventDate "2000.09.17"]
[EventType "team-tourn"]
[EventRounds "9"]
[EventCountry "GER"]
[SourceTitle "EXT 2023"]
[Source "ChessBase"]
[SourceDate "2022.10.05"]
[SourceVersion "1"]
[SourceVersionDate "2022.10.05"]
[SourceQuality "1"]
[WhiteTeam "Kirchhellen SF"]
[BlackTeam "Marten Boevinghausen"]
[WhiteTeamCountry "GER"]
[BlackTeamCountry "GER"]

1. e4 d5 2. exd5 Qxd5 3. Nc3 Qa5 4. Nf3 Bg4 5. h3 Bh5 6. Be2 c6 7. b4 Qc7 8. b5 e6 9. Rb1 Bxf3 10. Bxf3 Nf6 11. 0-0 Be7 12. Qe2 0-0 13. Qc4 c5 14. a4 Nbd7 15. b6 Nxb6 16. Qb3 c4 17. Qa2 Nbd5 18. Nb5 Qc6 19. d3 Rfc8 20. Bg5 a6 21. Bxf6 Bxf6 22. dxc4 Qxc4 23. Qxc4 Rxc4 24. Nd6 Rxc2 25. Rxb7 Rc6 26. Ne4 Be5 27. Ng5 Bf6 28. Ne4 Be5 29. Rd1 h6 30. Bh5 Rc7 31. Rxc7 Bxc7 32. Nc5 Bd6 33. Nb7 Bb4 34. Rc1 Rb8 35. Nc5 Rc8 36. Nd3 Rxc1+ 37. Nxc1 Nc3 38. Nd3 a5 39. Nb2 Kf8 40. Bf3 Ke7 41. Bc6 Kd6 42. Be8 f6 43. f3 Kc5 44. Nd3+ Kd4 45. Nf4 Ke5 46. Nd3+ Kd4 1/2-1/2